İsmet İnönü : (Record no. 15465)

MARC details
000 -BAŞLIK
Sabit Uzunlukta Kontrol Alanı 01075na a2200301 4500
999 ## - SİSTEM KONTROL NUMARALARI (KOHA)
Koha Biblionumber 15465
Koha Biblioitemnumber 15465
001 - KONTROL NUMARASI
Denetim Alanı 14122
003 - KONTROL NUMARASI IDENTIFIER
Denetim Alanı MIRAKIL
005 - SON İŞLEM TARİHİ VE ZAMANI
Denetim Alanı 20240222173501.0
008 - SABİT-BOY VERİ ELEMANLARI - GENEL BİLGİLER
Sabit Uzunlukta Kontrol Alanı 160905b tu 000 0
020 ## - ULUSLARARASI STANDART KİTAP NUMARASI
Uluslararası Standart Kitap Numarası 9789752200364
035 ## - SİSTEM KONTROL NUMARASI
Sistem Kontrol Numarası 14122
040 ## - KATALOGLAMA KAYNAK
Orijinal Kataloglama Ajansı Milas
Kataloglama Dili tur
Metne Dönüştürmek Ajansı TR-AnCHP
082 ## - DEWEY ONLU SINIFLANDIRMA NUMARASI
Sınıflandırma Numarası 923.1561 İnönü,İ.
Ürün Numarası T86i 2003
090 ## - SINIFLAMA NUMARASI
Sınıflama Numarası 923.1561 İnönü,İ. T86i 2003
100 ## - ANA GİRİŞ - KİŞİSEL İSİM
Kişisel Ad Turan, Şerafettin
245 ## - BAŞLIK TABLOSU
Başlık İsmet İnönü :
Başlığın Kalan yaşamı, dönemi ve kişiliği /
Sorumluluk Tablosu, Vb Şerafettin Turan.,
260 ## - YAYIN, DAĞITIM, VB
Yayın, Dağıtım, Vb Yeri Ankara
Yayıncı, Dağıtıcı, Vs Adı Bilgi Yayınları
Yayın, Dağıtım, Vb Tarihi 2003
300 ## - FİZİKSEL TANIM
Kapsam 611 s. :
Boyutlar 25 cm.
490 ## - SERİSİ TABLOSU
Seri Beyanı Bilgi yayınları :
Hacim / Ardışık Tanımı özel dizi: 39
600 ## - KONU KATMA GİRİŞ - KURUMSAL ADI
Kişisel Ad İnönü, İsmet
Başlıklar Ve Bir Adla İlişkili Diğer Kelimeler Başbakan
Bir Adıyla İlişkilendirilen Tarihler 1884-1973
Genel Alt Bölümü Yaşamöyküsü
600 ## - KONU KATMA GİRİŞ - KURUMSAL ADI
Kişisel Ad İnönü, İsmet
Genel Alt Bölümü Siyasal ve sosyal görüşler
650 ## - KONU KATMA GİRİŞ - TOPİKAL DÖNEM
Topikal Süreli Veya Coğrafi Ad Giriş Elemanı Devlet adamları
Genel Alt Bölümü Yaşamöyküsü
650 ## - KONU KATMA GİRİŞ - TOPİKAL DÖNEM
Topikal Süreli Veya Coğrafi Ad Giriş Elemanı Cumhurbaşkanları
Genel Alt Bölümü Yaşamöyküsü
Coğrafi Alt Bölümü Türkiye
650 ## - KONU KATMA GİRİŞ - TOPİKAL DÖNEM
Topikal Süreli Veya Coğrafi Ad Giriş Elemanı Siyaset ve yönetim
Genel Alt Bölümü 20. yüzyıl
Coğrafi Alt Bölümü Türkiye
856 ## - ELEKTRONİK YER VE ERİŞİM
Kamu Notu Dijital Nüshası için Partimizin Kütüphane Sorumlusu ile iletişime geçiniz.
942 ## - EKLENDİ GİRİŞ ELEMANLARI (KOHA)
Sınıflandırma Veya Raf Düzeni Kaynak Dewey Decimal Classification
Koha Öğesi Türü Books
999 ## - SİSTEM KONTROL NUMARALARI (KOHA)
Koha Biblioitemnumber 10083
Holdings
Kalıcı Konum Mevcut Konum Edinme Tarihi Toplam Check-Out'Lar Tam Çağrı Numarası Barkod Tarih Son Görülme İtibaren Geçerli Fiyatlar Koha Öğesi Türü
CHP Kütüphanesi CHP Kütüphanesi 02/22/2024   923.1561 İnönü,İ. T86i 2003 21107 02/22/2024 02/22/2024 Books